気体の性質 - Statistics

General Stats
  • This quiz has been taken 20 times
  • The average score is 26 of 54
Answer Stats
物質 特徴 Answer 水溶液 その他 % Correct
H₂ におい なし
100%
H₂ 無色
94%
H₂ 水溶性 難溶
81%
Cl₂ におい 刺激臭 酸性
69%
HCl におい 刺激臭 強酸性 濃アンモニア水を近づけると白煙を生じる
69%
HCl 水溶性 非常によく溶ける 強酸性 濃アンモニア水を近づけると白煙を生じる
69%
Cl₂ 黄緑色 酸性 水素とは常温で光を当てると爆発的に反応
63%
Cl₂ 水溶性 溶ける 酸性
63%
HCl 無色 強酸性 濃アンモニア水を近づけると白煙を生じる
63%
Br₂ 赤褐色 水素とは高温にすると反応
56%
AgCl 沈殿の色 白色
56%
O₂ 無色
56%
O₃ 水溶性 わずかに溶ける 酸素への紫外線や無声放電で発生
56%
O₂ におい なし
50%
O₂ 水溶性 難溶
50%
O₃ 淡青色 酸素への紫外線や無声放電で発生
50%
ゴム状硫黄 Sₙ 黄色(黒褐色) 弾性あり
50%
H₂S 水溶性 溶ける 弱酸性 還元剤としてはたらく
50%
NH₃ におい 刺激臭 弱塩基性
50%
黄リン P₄ 毒性 猛毒 空気中で自然発火するため、水中に保管
50%
黄リン P₄ CS₂への溶解性 溶ける 空気中で自然発火するため、水中に保管
50%
CO におい なし 還元作用あり、ギ酸の脱水で得られる
50%
CO 水溶性 難溶 還元作用あり、ギ酸の脱水で得られる
50%
CO₂ におい なし 弱酸性 炭酸の電離は2段階であり、2段階目は無視しがち
50%
CO₂ 水溶性 溶ける 弱酸性 炭酸の電離は2段階であり、2段階目は無視しがち
50%
F₂ 淡黄色 激しく反応して酸素が発生 水素とは低温・暗所でも爆発的に反応
44%
I₂ 黒紫色 水素とは高音で一部が反応
44%
AgF 溶液の色 無色
44%
O₃ におい 特異臭 酸素への紫外線や無声放電で発生
44%
H₂S 無色 弱酸性 還元剤としてはたらく
44%
H₂S におい 腐卵臭 弱酸性 還元剤としてはたらく
44%
SO₂ におい 刺激臭 弱酸性 還元剤としてはたらき、漂白作用ももつ H₂Sとの反応では酸化剤となる
44%
SO₂ 水溶性 溶ける 弱酸性 還元剤としてはたらき、漂白作用ももつ H₂Sとの反応では酸化剤となる
44%
N₂ 無色
44%
NH₃ 水溶性 非常によく溶ける 弱塩基性
44%
NO 水溶性 難溶 すぐ酸化されNO₂になる、反応式の係数は暗記
44%
NO₂ 赤褐色 強酸性 水と反応し、硝酸になる、反応式の係数は暗記
44%
NO₂ におい 刺激臭 強酸性 水と反応し、硝酸になる、反応式の係数は暗記
44%
NO₂ 水溶性 溶ける 強酸性 水と反応し、硝酸になる、反応式の係数は暗記
44%
赤リン P CS₂への溶解性 溶けない マッチの摩擦面
44%
AgBr 沈殿の色 淡黄色
38%
AgI 沈殿の色 黄色
38%
SO₂ 無色 弱酸性 還元剤としてはたらき、漂白作用ももつ H₂Sとの反応では酸化剤となる
38%
N₂ におい なし
38%
N₂ 水溶性 難溶
38%
NH₃ 無色 弱塩基性
38%
NO 無色 すぐ酸化されNO₂になる、反応式の係数は暗記
38%
黄リン P₄ 淡黄色 空気中で自然発火するため、水中に保管
38%
赤リン P 赤褐色 マッチの摩擦面
38%
CO 無色 還元作用あり、ギ酸の脱水で得られる
38%
CO₂ 無色 弱酸性 炭酸の電離は2段階であり、2段階目は無視しがち
38%
単斜硫黄 S₈ 形状 針状 95.5℃以上で安定
31%
斜方硫黄 S₈ 形状 塊状 常温で安定
13%
赤リン P 毒性 弱い マッチの摩擦面
13%
No matching quizzes found
Score Distribution
Percent of People with Each Score
Percentile by Number Answered
Your Score History
You have not taken this quiz